000 00783nam a22002657a 4500
001 BR9405599
003 BR-BrBNA
005 20230928094323.0
007 ta
008 230509b bl.||||| |||| 00| 0 por d
040 _aBR-BrBNA
_bpor
_cBiblioteca Nacional de Agricultura
041 _a(Por)
072 _aP01
090 _ P01 BR9405599
100 1 _aJimenez, M.L.O.
110 1 _aSenado Federal, Brasilia, DF (Brasil)
_99266
245 1 _aO estabelecimento de uma politica comum de protecao do meio ambiente sua necessidade num mercado comum
260 3 _aBrasilia, DF (Brasil):
_c1994.
300 _a55 p.
650 _aMeio Ambiente
650 _aCondicao Ambiental
650 _aPolitica de Desenvolvimento
909 _a202309
_bLucia
_c55
_dLucia Elande
942 _cBK
999 _c50050
_d50050